| 000 | 00400nam a2200157Ia 4500 | ||
|---|---|---|---|
| 008 | 191201s2004 xx 000 0 und d | ||
| 020 | _a9789356062191 | ||
| 082 |
_a629.892 _bCRI |
||
| 100 | _aCRAIG, John | ||
| 245 | 0 | _aIntroduction to Robotics Mechanics and Control | |
| 250 | _a4th | ||
| 260 |
_aN.Delhi _bPearson Education _c2025 |
||
| 300 | _a446p | ||
| 650 | _aB.Tech(ME) | ||
| 942 |
_2ddc _cREF |
||
| 999 |
_c13818 _d13818 |
||